<?xml version="1.0" encoding="UTF-8"?><?xml-stylesheet type="text/xsl" href="static/style.xsl"?><OAI-PMH xmlns="http://www.openarchives.org/OAI/2.0/" xmlns:xsi="http://www.w3.org/2001/XMLSchema-instance" xsi:schemaLocation="http://www.openarchives.org/OAI/2.0/ http://www.openarchives.org/OAI/2.0/OAI-PMH.xsd"><responseDate>2026-04-17T11:43:56Z</responseDate><request verb="GetRecord" identifier="oai:riubu.ubu.es:10259/9228" metadataPrefix="marc">https://riubu.ubu.es/oai/request</request><GetRecord><record><header><identifier>oai:riubu.ubu.es:10259/9228</identifier><datestamp>2024-06-10T06:48:06Z</datestamp><setSpec>com_10259_5238</setSpec><setSpec>com_10259_5086</setSpec><setSpec>com_10259_2604</setSpec><setSpec>col_10259_6212</setSpec></header><metadata><record xmlns="http://www.loc.gov/MARC21/slim" xmlns:doc="http://www.lyncode.com/xoai" xmlns:xsi="http://www.w3.org/2001/XMLSchema-instance" xmlns:dcterms="http://purl.org/dc/terms/" xsi:schemaLocation="http://www.loc.gov/MARC21/slim http://www.loc.gov/standards/marcxml/schema/MARC21slim.xsd">
<leader>00925njm 22002777a 4500</leader>
<datafield tag="042" ind1=" " ind2=" ">
<subfield code="a">dc</subfield>
</datafield>
<datafield tag="720" ind1=" " ind2=" ">
<subfield code="a">Rodríguez Gutiérrez, Pablo</subfield>
<subfield code="e">author</subfield>
</datafield>
<datafield tag="720" ind1=" " ind2=" ">
<subfield code="a">Correa, Carmen</subfield>
<subfield code="e">author</subfield>
</datafield>
<datafield tag="720" ind1=" " ind2=" ">
<subfield code="a">Larrinaga González, Carlos</subfield>
<subfield code="e">author</subfield>
</datafield>
<datafield tag="260" ind1=" " ind2=" ">
<subfield code="c">2019-06-27</subfield>
</datafield>
<datafield tag="520" ind1=" " ind2=" ">
<subfield code="a">Purpose:&#xd;
This paper aims to generate insights about the transformative potential of integrated reporting by exploring organisational adoption of non-financial reporting design archetypes available in the field.&#xd;
&#xd;
Design/methodology/approach:&#xd;
Drawing on the concept of design archetype, this study conducts an exploratory interpretative based on qualitative semi-structured interviews and documentary analysis. The study is based on the Spanish integrated reporting field.&#xd;
&#xd;
Findings:&#xd;
This study reveals that IIRC framework lacks the transformative potential to become an environmental disturbance for corporate reporting practice. It explains how organisations, in their attempt to seek coherence with underlying interpretative schemes, change their structural arrangements (structure, processes and systems) to adopt sustainability and integrated reporting design archetypes available in the field. Though organisational differences are portrayed, the transition from a sustainability-reporting archetype to an integrated-reporting archetype does not seem to be easily achieved.&#xd;
&#xd;
Research limitations/implications:&#xd;
Due to its exploratory nature, further investigation of the transformative potential of integrated reporting is needed to address intra-organisational factors such as internal stakeholder interests, organisational values, individual or collective agency to embed interpretative schemes into structural arrangements, and technical and managerial capabilities enabling action.&#xd;
&#xd;
Practical implications:&#xd;
Findings inform practitioners and policymakers about the hindrances to integrated reporting implementation to be considered for prospective regulation and standardisation.&#xd;
&#xd;
Social implications:&#xd;
The study reflects on the difficulties for both mainstreaming sustainability to influence decision-making and developing reporting archetypes coherent with integrated thinking.&#xd;
&#xd;
Originality/value:&#xd;
By focusing on archetype design, the paper provides insights to assess the transformative potential of integrated reporting.</subfield>
</datafield>
<datafield tag="024" ind2=" " ind1="8">
<subfield code="a">2040-8021</subfield>
</datafield>
<datafield tag="024" ind2=" " ind1="8">
<subfield code="a">http://hdl.handle.net/10259/9228</subfield>
</datafield>
<datafield tag="024" ind2=" " ind1="8">
<subfield code="a">10.1108/SAMPJ-12-2017-0156</subfield>
</datafield>
<datafield tag="024" ind2=" " ind1="8">
<subfield code="a">2040-803X</subfield>
</datafield>
<datafield ind1=" " ind2=" " tag="653">
<subfield code="a">Qualitative Research</subfield>
</datafield>
<datafield ind1=" " ind2=" " tag="653">
<subfield code="a">Structure</subfield>
</datafield>
<datafield ind1=" " ind2=" " tag="653">
<subfield code="a">Accounting and organizational change</subfield>
</datafield>
<datafield ind1=" " ind2=" " tag="653">
<subfield code="a">Desing archetypes</subfield>
</datafield>
<datafield ind1=" " ind2=" " tag="653">
<subfield code="a">Interpretive schemes</subfield>
</datafield>
<datafield ind1=" " ind2=" " tag="653">
<subfield code="a">Sustainability and integrated reporting</subfield>
</datafield>
<datafield tag="245" ind1="0" ind2="0">
<subfield code="a">Is integrated reporting transformative? An exploratory study of non-financial reporting archetypes</subfield>
</datafield>
</record></metadata></record></GetRecord></OAI-PMH>